Historia general del Peru : (Record no. 154237)
[ view plain ]
| 000 -LEADER | |
|---|---|
| campo de control de longitud fija | 01281nam a2200253 i 4500 |
| 001 - NÚMERO DE CONTROL | |
| campo de control | 154237 |
| 003 - IDENTIFICADOR DE NÚMERO DE CONTROL | |
| campo de control | ES-MaACL |
| 005 - FECHA Y HORA DE LA ÚLTIMA TRANSACCIÓN | |
| campo de control | 20250930063132.0 |
| 008 - DATOS DE LONGITUD FIJA--INFORMACIÓN GENERAL | |
| campo de control de longitud fija | 931025s1617 sp |||| | spa d |
| 100 1# - ENTRADA PRINCIPAL--NOMBRE DE PERSONA | |
| Nombre de persona | Garcilaso de la Vega, |
| Títulos y otros términos asociados al nombre | el Inca, |
| Fechas asociadas al nombre | 1539-1616 |
| 9 (RLIN) | 55472 |
| 245 10 - MENCIÓN DEL TÍTULO | |
| Título | Historia general del Peru : |
| Resto del título | trata el descubrimiento del, y como lo ganaron los españoles : las guerras civiles que huuo entre Piçarros y Almagros, sobre la partija de la tierra : castigo y leuantamiero de tiranos, y otros sucessos particulares que en la historia se contienen / |
| Mención de responsabilidad, etc. | escrita por el ynca Garcilasso de la Vega... |
| 260 ## - PUBLICACIÓN, DISTRIBUCIÓN, ETC. | |
| Lugar de publicación, distribución, etc. | En Cordoua : |
| Nombre del editor, distribuidor, etc. | por la Viuda de Andres Barrera, y à su costa, |
| Fecha de publicación, distribución, etc. | 1617. |
| 300 ## - DESCRIPCIÓN FÍSICA | |
| Extensión | [8], 300, [6] h. ; |
| Dimensiones | fol. |
| 530 ## - NOTA DISPONIBLE DE FORMULARIO FÍSICO ADICIONAL | |
| Nota de formato físico adicional disponible | Disponible en formato digital |
| 597 ## - NOTA DE DESCRIPCIÓN FÍSICA | |
| NOTA DE DESCRIPCIÓN FÍSICA | Sign.: [calderón]8, A-Z8, 2A-2O8, 2P4, 2Q6. |
| 597 ## - NOTA DE DESCRIPCIÓN FÍSICA | |
| NOTA DE DESCRIPCIÓN FÍSICA | Texto a dos columnas |
| 597 ## - NOTA DE DESCRIPCIÓN FÍSICA | |
| NOTA DE DESCRIPCIÓN FÍSICA | Port. con grab. xilográfico |
| 651 #4 - PUNTO DE ACCESO ADICIONAL DE MATERIA--NOMBRE GEOGRÁFICO | |
| Nombre geográfico | Perú- |
| Subdivisión general | Historia- |
| Subdivisión cronológica | Descubrimiento y conquista, 1522-1548. |
| 9 (RLIN) | 9226 |
| 852 4# - LOCALIZACIÓN | |
| Ubicación | ES-MaACL |
| Número de control de estantería | R-159 |
| Nota libre | |
| Encuadernación | Holandesa |
| Ubicación en estantería | Depósito |
| Signatura antigua | B-11594 |
| 856 ## - LOCALIZACIÓN Y ACCESO ELECTRÓNICOS | |
| Identificador Uniforme de Recursos | <a href="http://bdh-rd.bne.es/viewer.vm?id=0000092784&page=1">http://bdh-rd.bne.es/viewer.vm?id=0000092784&page=1</a> |
| Texto de enlace | Versión en línea |
| Nota pública | (Biblioteca Digital Hispánica) |
| 942 ## - ELEMENTOS DE ENTRADA SECUNDARIOS (KOHA) | |
| Fuente del sistema de clasificación o colocación | Clasificación decimal universal |
| Tipo de ítem Koha | Libro impreso antiguo |
| Suprimir en OPAC | No |
| Estatus retirado | Estado de pérdida | Estado de daño | No para préstamo | Biblioteca de origen | Biblioteca actual | Ubicación en estantería | Fecha de adquisición | Fuente de adquisición | Total de préstamos | Signatura topográfica completa | Código de barras | Visto por última vez | Precio de reemplazo | Tipo de ítem Koha |
|---|---|---|---|---|---|---|---|---|---|---|---|---|---|---|
| Biblioteca del Ateneo de Madrid | Biblioteca del Ateneo de Madrid | Depósito | 17/01/2008 | R-159 | 1161283 | 23/02/2023 | 23/02/2023 | Libro impreso antiguo |
